[Event "AUTO-MASTER-2471"]
[Site "http://www.queenalice.com/game.php?id=1425307"]
[Date "2016.5.28"]
[Round "1"]
[White "novoselic"]
[Black "Pater"]
[Result "0-1"]
[WhiteElo "1994"]
[BlackElo "2327"]

1. e4 e5 2. f4 exf4 3. Bc4 d6 4. Nf3 Nc6 5. O-O Ne5 6. d4 Nxc4 7. Bxf4 Nf6 8.
Qd3 Nb6 9. Nc3 Be7 10. e5 dxe5 11. Nxe5 O-O 12. Rad1 Nfd5 13. Nxd5 Nxd5 14. Bg3
c6 15. c3 a5 16. c4 Nb6 17. Qf3 f6 18. Ng4 Nxc4 19. b3 Nb6 20. Ne3 Be6 21. Rfe1
Qd7 0-1

[Event "AUTO-MASTER-2471"]
[Site "http://www.queenalice.com/game.php?id=1425308"]
[Date "2016.5.28"]
[Round "1"]
[White "Pater"]
[Black "paloberto"]
[Result "1-0"]
[WhiteElo "2333"]
[BlackElo "2018"]

1. e4 c5 2. Nf3 Nc6 3. d4 cxd4 4. Nxd4 d6 5. Nc3 e5 6. Nxc6 bxc6 7. Be3 Nf6 8.
Bc4 Be7 9. Qd3 O-O 10. O-O Ng4 11. Bd2 Kh8 12. h3 Nf6 13. Bb3 Rb8 14. Rfd1 Be6
15. Be3 Rb7 16. Bg5 1-0

[Event "AUTO-MASTER-2471"]
[Site "http://www.queenalice.com/game.php?id=1425309"]
[Date "2016.5.28"]
[Round "1"]
[White "paloberto"]
[Black "Pater"]
[Result "0-1"]
[WhiteElo "2022"]
[BlackElo "2330"]

1. d4 d6 2. c4 g6 3. Nf3 Bg7 4. Nc3 Nf6 5. e4 O-O 6. Be2 c5 7. Be3 Ng4 8. Qd2
Nxe3 9. fxe3 Nc6 10. a3 cxd4 11. exd4 f5 12. O-O fxe4 13. Nxe4 Bf5 14. Ng3 Bg4
0-1

[Event "AUTO-MASTER-2471"]
[Site "http://www.queenalice.com/game.php?id=1425310"]
[Date "2016.5.28"]
[Round "1"]
[White "Pater"]
[Black "HakunaMatata"]
[Result "1-0"]
[WhiteElo "2213"]
[BlackElo "2219"]

1. e4 e6 2. Nf3 d5 3. e5 c5 4. Bb5+ Nc6 5. O-O Bd7 6. Bxc6 Bxc6 7. d4 Nh6 8.
Bxh6 gxh6 9. c3 cxd4 10. Nxd4 Bg7 11. f4 Qb6 12. Qc2 O-O 13. Nd2 f6 14. Nf3 fxe5
15. Nxe5 Be8 16. Rae1 Bxe5 17. Rxe5 Bg6 18. Qe2 Be4 19. Rxe6 Qa5 20. Rxh6 Qxa2
21. f5 Rae8 22. f6 Bg6 23. Rxg6+ hxg6 24. f7+ 1-0

[Event "AUTO-MASTER-2471"]
[Site "http://www.queenalice.com/game.php?id=1425311"]
[Date "2016.5.28"]
[Round "1"]
[White "HakunaMatata"]
[Black "Pater"]
[Result "0-1"]
[WhiteElo "2208"]
[BlackElo "2225"]

1. e4 c6 2. Nf3 d5 3. exd5 cxd5 4. Ne5 Nf6 5. d4 g6 6. f4 Bg7 7. Bd3 O-O 8. Nd2
Nc6 9. c3 Qb6 10. Ndf3 Ne4 11. Qe2 Bf5 12. g4 Be6 13. Bxe4 dxe4 14. Qxe4 Nxe5
15. fxe5 f5 16. exf6 exf6 17. O-O Rae8 18. Qf4 f5 19. gxf5 Bxf5 20. Qd2 Be4 21.
Qd1 Qe6 22. Ng5 Rxf1+ 23. Kxf1 Qf5+ 24. Kg1 Bd5 25. b3 h6 26. c4 Bxd4+ 0-1

[Event "AUTO-ELITE-1692"]
[Site "http://www.queenalice.com/game.php?id=1425385"]
[Date "2016.5.29"]
[Round "1"]
[White "HakunaMatata"]
[Black "Pater"]
[Result "0-1"]
[WhiteElo "2156"]
[BlackElo "2275"]

1. d4 Nf6 2. Nf3 e6 3. e3 c5 4. b3 cxd4 5. exd4 Ne4 6. Bd3 Bb4+ 7. Bd2 Nxd2 8.
Nbxd2 Nc6 9. O-O Bc3 10. Rb1 Nxd4 11. Nxd4 Bxd4 12. Nc4 d5 13. Na3 Bf6 14. c4
O-O 15. Qh5 g6 16. Qf3 Bg7 17. Rfd1 Qe7 18. Nc2 d4 19. Be4 f5 20. Bd3 e5 21. Re1
e4 22. Qd1 Be6 23. Bxe4 fxe4 24. Rxe4 Qf6 25. Qxd4 Qxd4 26. Nxd4 Bf7 27. Rbe1
Rad8 28. Nf3 Rfe8 29. Rxe8+ Rxe8 30. Rxe8+ Bxe8 31. Kf1 h6 32. Ke2 Kf7 33. Ke3
Bf8 34. Ne5+ Ke6 35. Nd3 g5 36. f4 g4 37. g3 b6 38. Kd4 Bg7+ 39. Ke3 h5 40. Ke4
Bg6+ 41. Ke3 Bxd3 42. Kxd3 Bf8 43. Ke4 Bc5 44. f5+ Kf6 45. Kd5 Kxf5 46. Kc6 Bg1
47. Kb7 Bxh2 48. Kxa7 Bxg3 49. Kxb6 h4 50. c5 h3 51. b4 h2 52. a4 h1=Q 53. c6
Qe4 54. Kb5 Be1 0-1

[Event "AUTO-ELITE-1692"]
[Site "http://www.queenalice.com/game.php?id=1425386"]
[Date "2016.5.29"]
[Round "1"]
[White "Pater"]
[Black "HakunaMatata"]
[Result "1-0"]
[WhiteElo "2236"]
[BlackElo "2186"]

1. c4 e5 2. Nc3 Nc6 3. g3 g6 4. Bg2 Bg7 5. e4 d6 6. d3 f5 7. Nge2 h6 8. O-O Nf6
9. b4 fxe4 10. Nxe4 Nxb4 11. Qb3 c5 12. Nxf6+ Qxf6 13. Bd2 a5 14. a3 Nc6 15. Bd5
h5 16. f4 exf4 17. Nxf4 Qxa1 18. Rxa1 Bxa1 19. Qb6 Ra6 20. Qc7 Nd8 21. Qxc8 Rb6
22. Nxg6 Bd4+ 23. Kg2 Rh7 24. Bxa5 Rb2+ 25. Kh3 b6 26. Nf4 Bg1 27. Bc6+ Kf7 28.
Qd7+ Kf6 29. Bc3+ 1-0

[Event "AUTO-ELITE-1692"]
[Site "http://www.queenalice.com/game.php?id=1425393"]
[Date "2016.5.29"]
[Round "1"]
[White "Pater"]
[Black "Angelo"]
[Result "1-0"]
[WhiteElo "2347"]
[BlackElo "2263"]

1. e4 c5 2. Nf3 d6 3. Nc3 Nf6 4. d4 cxd4 5. Nxd4 g6 6. f3 Bg7 7. Be3 O-O 8. Qd2
a6 9. Be2 Nc6 10. g4 Ne5 11. h4 b5 12. a3 Bb7 13. h5 d5 14. hxg6 fxg6 15. g5 Nh5
16. O-O-O dxe4 17. fxe4 Ng3 18. Rh3 Nxe2+ 19. Qxe2 Rf7 20. Ne6 Qe8 21. Nxg7 Rxg7
22. Bd4 Qb8 23. Rdh1 Bc8 24. Qh2 Bxh3 25. Bxe5 Qf8 26. Bxg7 Qxg7 27. Qxh3 Qf7
28. Nd5 Rf8 29. Qd7 Re8 30. e5 Kg7 31. Nf6 Rh8 32. e6 Qf8 33. Qd4 Qc8 34. Nh5+
1-0

[Event "AUTO-ELITE-1692"]
[Site "http://www.queenalice.com/game.php?id=1425394"]
[Date "2016.5.29"]
[Round "1"]
[White "Angelo"]
[Black "Pater"]
[Result "0-1"]
[WhiteElo "2281"]
[BlackElo "2337"]

1. e4 e5 2. Nf3 Nf6 3. Nc3 Nc6 4. Bc4 Bc5 5. O-O O-O 6. d3 d6 7. Bg5 h6 8. Bh4
g5 9. Bg3 Bg4 10. Ne2 Nh5 11. c3 Bxf3 12. gxf3 Qf6 13. Kg2 Rad8 14. Rh1 Nf4+ 15.
Bxf4 gxf4 16. h4 Kh7 17. Rh2 Rg8+ 18. Kf1 Rg7 19. b4 Bb6 20. Ke1 Rdg8 21. Kd2
Rg2 22. Rxg2 Rxg2 23. Qh1 Rxf2 24. Rg1 Nxb4 25. cxb4 Be3+ 26. Kd1 d5 27. Bxd5
Qa6 28. Bc4 Qa4+ 29. Bb3 Qxb4 30. Kc2 Rxe2+ 0-1

[Event "AUTO-OPEN-3659"]
[Site "http://www.queenalice.com/game.php?id=1425482"]
[Date "2016.5.30"]
[Round "1"]
[White "Christhechessplayer"]
[Black "Pater"]
[Result "0-1"]
[WhiteElo "2087"]
[BlackElo "2254"]

1. d4 Nf6 2. Bg5 g6 3. Bxf6 exf6 4. e3 Bg7 5. g3 d6 6. Bg2 O-O 7. Ne2 f5 8. O-O
c6 9. c4 Nd7 10. Nbc3 Nf6 11. b4 Re8 12. Rc1 Qb6 13. a3 Be6 14. d5 cxd5 15. cxd5
Bd7 16. Nd4 Ng4 17. Nce2 Nxe3 18. fxe3 Rxe3 19. Kh1 Rxa3 20. Qc2 Bxd4 21. Qc7
Bb5 22. Rfe1 Qxc7 23. Rxc7 Bxe2 0-1

[Event "AUTO-OPEN-3659"]
[Site "http://www.queenalice.com/game.php?id=1425483"]
[Date "2016.5.30"]
[Round "1"]
[White "Pater"]
[Black "Christhechessplayer"]
[Result "1-0"]
[WhiteElo "2246"]
[BlackElo "2097"]

1. e4 c6 2. d4 d5 3. Nc3 dxe4 4. Nxe4 Bf5 5. Qf3 Qd5 6. Bd3 e6 7. Ne2 Be7 8. c3
Nd7 9. O-O Ngf6 10. Nf4 Bxe4 11. Nxd5 Bxf3 12. Nc7+ Kd8 13. Nxa8 Be4 14. Rd1
Bxd3 15. Rxd3 Kc8 16. Bf4 Nd5 17. Bg3 Bg5 18. a4 Nf4 19. Bxf4 Bxf4 20. Rf3 Bd6
21. Rxf7 Rg8 22. Re1 e5 23. a5 exd4 24. Rxg7 1-0

[Event "AUTO-OPEN-3659"]
[Site "http://www.queenalice.com/game.php?id=1425504"]
[Date "2016.5.30"]
[Round "1"]
[White "Angelo"]
[Black "Pater"]
[Result "0-1"]
[WhiteElo "2252"]
[BlackElo "2290"]

1. e4 c5 2. Nf3 e6 3. d4 cxd4 4. Nxd4 d6 5. Nc3 a6 6. Be2 g6 7. Be3 Nc6 8. Qd2
Bg7 9. O-O-O Nge7 10. Bg5 Nxd4 11. f4 O-O 12. h4 Nxe2+ 13. Nxe2 Qb6 14. Nc3 f6
15. e5 fxg5 16. exd6 Nd5 17. Na4 Qc6 18. b3 gxf4 19. h5 Qxd6 20. c4 b5 21. Nb2
Qc5 22. hxg6 hxg6 23. Nd3 Qa3+ 24. Kb1 Nc3+ 0-1

[Event "AUTO-OPEN-3659"]
[Site "http://www.queenalice.com/game.php?id=1425505"]
[Date "2016.5.30"]
[Round "1"]
[White "Pater"]
[Black "Angelo"]
[Result "1-0"]
[WhiteElo "2357"]
[BlackElo "2309"]

1. e4 Nf6 2. e5 Nd5 3. d4 d6 4. Nf3 Bf5 5. Bd3 Bxd3 6. Qxd3 Nc6 7. O-O dxe5 8.
Nxe5 Nxe5 9. dxe5 c6 10. Rd1 Qc7 11. c4 Nb4 12. Qe2 e6 13. a3 Na6 14. Nc3 Be7
15. b4 O-O 16. Bf4 Nb8 17. Ne4 Nd7 18. Nd6 Rfd8 19. c5 Nf8 20. Qg4 Ng6 21. Bg3
a5 22. h4 h6 23. Rab1 b5 24. h5 Nf8 25. Bf4 Bg5 26. Bxg5 hxg5 27. Qxg5 axb4 28.
axb4 Nh7 29. Qf4 Ra3 30. h6 g6 31. Rd4 Qe7 32. Rbd1 Rda8 33. Nb7 Ra1 34. Na5
Rxd1+ 35. Rxd1 Qg5 36. Qxg5 Nxg5 37. Nxc6 Ne4 38. Rd8+ Rxd8 39. Nxd8 Nxc5 40.
bxc5 b4 41. c6 b3 42. c7 b2 43. c8=Q b1=Q+ 44. Kh2 Qf5 45. Nxe6+ Kh7 46. Nf8+
Kxh6 47. Qxf5 gxf5 48. e6 1-0

[Event "AUTO-OPEN-3659"]
[Site "http://www.queenalice.com/game.php?id=1425518"]
[Date "2016.5.30"]
[Round "1"]
[White "Pater"]
[Black "princesher"]
[Result "1-0"]
[WhiteElo "2329"]
[BlackElo "1974"]

1. e4 e5 2. Bc4 c6 3. Nc3 b5 4. Bb3 Qf6 5. Nf3 h6 6. d4 d6 7. Nxb5 Na6 8. Nc3
Bg4 9. Qd3 Bxf3 10. Qxa6 d5 11. dxe5 Qg6 12. gxf3 Bb4 13. exd5 cxd5 14. Qb5+ Kd8
15. Qxb4 Ne7 16. Be3 a5 17. Qg4 Qh7 18. Ba4 Nf5 19. O-O-O f6 20. Rxd5+ Ke7 21.
exf6+ Kxf6 22. Rxf5+ Qxf5 23. Bd4+ Ke6 24. Re1+ Kd6 25. Qxf5 Kc7 26. Re7+ Kd8
27. Qd7# 1-0

[Event "AUTO-OPEN-3659"]
[Site "http://www.queenalice.com/game.php?id=1425519"]
[Date "2016.5.30"]
[Round "1"]
[White "princesher"]
[Black "Pater"]
[Result "0-1"]
[WhiteElo "1933"]
[BlackElo "2356"]

1. e4 d5 2. e5 Nc6 3. Bb5 Bd7 4. Bxc6 Bxc6 5. d4 e6 6. Nf3 Be7 7. a3 h5 8. h4
Nh6 9. Bxh6 Rxh6 10. g3 Qd7 11. Ng5 f6 12. exf6 gxf6 13. Nf3 O-O-O 14. Nc3 e5
15. Qd2 Rg6 16. O-O-O Qf5 17. Qe2 b6 18. Rhe1 e4 19. Nd2 Bf8 20. Rg1 Bh6 21. Kb1
Qg4 22. Qxg4+ Rxg4 23. f4 Rdg8 24. Nf1 Bxf4 25. Ne2 Bd6 26. Ne3 R4g6 27. Nf5 Kd7
28. Nxd6 Kxd6 29. Rg2 Bd7 30. Rdg1 Bg4 31. Nf4 R6g7 32. Kc1 Bf3 33. Rh2 Rxg3 34.
Rxg3 Rxg3 35. b4 f5 36. Kd2 Bg4 37. c3 Rf3 38. Ng6 e3+ 39. Kc2 Rf2+ 40. Rxf2
exf2 41. Ne5 f1=Q 42. Nf7+ Ke7 43. Ne5 Qe2+ 44. Kb3 Qxe5 45. dxe5 Ke6 46. Ka4 c6
47. b5 Bd1+ 48. Kb4 c5# 0-1

[Event "Let's Play Chess!"]
[Site "http://www.queenalice.com/game.php?id=1428530"]
[Date "2016.6.21"]
[Round "-"]
[White "Delbo"]
[Black "Pater"]
[Result "0-1"]
[WhiteElo "2123"]
[BlackElo "2283"]

1. e4 e5 2. f4 d6 3. Nf3 exf4 4. Bc4 Nc6 5. d4 g5 6. Nc3 Bg7 7. Ne2 g4 8. Bxf4
gxf3 9. gxf3 Qf6 10. c3 Bd7 11. Qd2 O-O-O 12. Bg5 Qxf3 13. Bxd8 Qxh1+ 14. Kf2
Qxh2+ 0-1

[Event "Let's Play Chess!"]
[Site "http://www.queenalice.com/game.php?id=1428531"]
[Date "2016.6.21"]
[Round "-"]
[White "Pater"]
[Black "Delbo"]
[Result "1-0"]
[WhiteElo "2321"]
[BlackElo "2117"]

1. d4 Nf6 2. c4 g6 3. Nc3 Bg7 4. e4 d6 5. h3 O-O 6. Be3 e5 7. d5 Nbd7 8. Nf3 Nb6
9. Qd2 Bd7 10. a4 a5 11. c5 Nc8 12. Bb5 Bxb5 13. axb5 Ne7 14. O-O Ne8 15. Ra4 f5
16. Bh6 fxe4 17. Bxg7 Kxg7 18. Nxe4 h6 19. Rxa5 Rxa5 20. Qxa5 dxc5 21. d6 Nxd6
22. Nxc5 Rf6 23. Qd2 b6 24. Na6 c5 25. Nxe5 Qc8 26. Ng4 1-0

[Event "AUTO-ELITE-1692"]
[Site "http://www.queenalice.com/game.php?id=1440113"]
[Date "2016.9.7"]
[Round "2"]
[White "Pater"]
[Black "jandamian"]
[Result "0-1"]
[WhiteElo "2368"]
[BlackElo "2554"]

1. d4 Nf6 2. Nf3 g6 3. c4 Bg7 4. Nc3 O-O 5. e4 d6 6. Be2 Nbd7 7. O-O e5 8. dxe5
dxe5 9. Qc2 c6 10. Rd1 Qe7 11. h3 Nh5 12. Be3 Nf4 13. Bf1 Ne6 14. a3 f5 15. exf5
gxf5 16. b4 e4 17. Nd4 Ne5 18. Nxe6 Qxe6 19. c5 Qf7 20. Bf4 Be6 21. Rd6 Bc4 22.
Bxc4 Qxc4 23. Rad1 Nf7 24. Rd7 Qxc3 25. Qa2 Qb2 26. Qc4 b5 0-1

[Event "AUTO-ELITE-1692"]
[Site "http://www.queenalice.com/game.php?id=1440114"]
[Date "2016.9.7"]
[Round "2"]
[White "jandamian"]
[Black "Pater"]
[Result "1-0"]
[WhiteElo "2558"]
[BlackElo "2362"]

1. e4 e6 2. d4 c5 3. d5 d6 4. c4 e5 5. Nc3 Nf6 6. Bd3 Be7 7. Nge2 O-O 8. O-O a6
9. Ng3 b6 10. a3 Re8 11. f3 Qc7 12. Be3 Bf8 13. Qd2 Bb7 14. Nf5 Nbd7 15. Bc2
Rac8 16. Ba4 Kh8 17. h4 h5 18. Bg5 Nh7 19. g4 Nxg5 20. Qxg5 g6 21. Nh6 Re7 22.
Kh1 Kh7 23. gxh5 Bxh6 24. hxg6+ Kg7 25. Qxe7 Nf6 26. Qxc7 Rxc7 27. gxf7 Rxf7 28.
Rg1+ 1-0